|
|
|
|
| LEADER |
01664nam a2200349 a 4500 |
| 001 |
00026727 |
| 008 |
130322s2008 enka 000 0 eng d |
| 999 |
|
|
|c 13261
|d 13261
|
| 010 |
|
|
|a 2008300760
|
| 020 |
|
|
|a 9780521680899
|
| 020 |
|
|
|a 9780521680950
|
| 020 |
|
|
|a 9780521745130
|
| 040 |
|
|
|a BTCTA
|c BTCTA
|d BAKER
|d YDXCP
|d GO3
|d DLC
|d BD-DhAAL
|
| 082 |
0 |
4 |
|a 428.24076
|2 22
|
| 100 |
1 |
|
|a Jakeman, Vanessa.
|9 49147
|
| 245 |
1 |
0 |
|a New insight into IELTS :
|b student's book with answers /
|c Vanessa Jakeman and Clare McDowell.
|
| 246 |
1 |
|
|i At head of title:
|a Cambridge
|
| 246 |
3 |
|
|a IELTS workbook pack
|
| 260 |
|
|
|a Cambridge ;
|a New Delhi :
|b Cambridge University Press,
|c 2008.
|
| 300 |
|
|
|a 192 p. :
|b ill. ;
|c 28 cm. +
|e 1 sound disc (digital ; 4 3/4 in.)
|
| 490 |
|
0 |
|a Cambridge books for Cambridge exams
|
| 500 |
|
|
|a Compact disc.
|
| 541 |
|
|
|e 26727
|
| 650 |
|
0 |
|a International English Language Testing System
|v Study guides.
|9 49148
|
| 650 |
|
0 |
|a Vocabulary
|v Problems, exercises, etc.
|9 49149
|
| 650 |
|
0 |
|a English language
|v Examinations, questions, etc.
|9 49150
|
| 650 |
|
0 |
|a English language
|v Spoken English
|v Problems, exercises, etc.
|9 49151
|
| 700 |
1 |
|
|a McDowell, Clare.
|9 49152
|
| 852 |
1 |
|
|a BRAC Institute of Language (BIL)
|c General Stacks
|
| 942 |
|
|
|2 ddc
|c BK
|
| 952 |
|
|
|0 0
|1 1
|2 ddc
|4 0
|6 428_240760000000000_JAK
|7 0
|9 22070
|a BIL
|b BIL
|c GEN
|d 2013-03-23
|e Karim International
|g 550.00
|l 0
|o 428.24076 JAK
|p 3010026727
|r 2022-07-25
|t 1
|w 2013-03-23
|y BK
|
| 952 |
|
|
|0 0
|1 0
|2 ddc
|4 0
|6 428_240760000000000_JAK
|7 0
|9 22071
|a BRACUL
|b BRACUL
|c AV
|d 2013-03-23
|e Karim International
|l 0
|o 428.24076 JAK
|p 4010026727
|r 2013-03-23
|t 1
|w 2013-03-23
|y AV
|x Transferred from BIL to BRACUL on 06/06/22
|